Pakistan & Regional Security (Record no. 62457)

000 -LEADER
fixed length control field 00505nam a22001817a 4500
003 - CONTROL NUMBER IDENTIFIER
control field NUST - PNEC
005 - DATE AND TIME OF LATEST TRANSACTION
control field 20170116180748.0
008 - FIXED-LENGTH DATA ELEMENTS--GENERAL INFORMATION
fixed length control field 150227b xxu||||| |||| 00| 0 eng d
040 ## - CATALOGING SOURCE
Transcribing agency LIBRARY
082 ## - DEWEY DECIMAL CLASSIFICATION NUMBER
Classification number 327.9549 CHA
100 ## - MAIN ENTRY--PERSONAL NAME
9 (RLIN) 1546
Personal name Chaudhri Mohammed Ahsen
245 ## - TITLE STATEMENT
Title Pakistan & Regional Security
Statement of responsibility, etc. Mohammed Ahsen Chaudhri
250 ## - EDITION STATEMENT
Edition statement -
260 ## - PUBLICATION, DISTRIBUTION, ETC.
Place of publication, distribution, etc. Pakistan
Name of publisher, distributor, etc. Fakhri Printing Press Karachi
Date of publication, distribution, etc. -
300 ## - PHYSICAL DESCRIPTION
Extent 146 p. :
650 ## - SUBJECT ADDED ENTRY--TOPICAL TERM
9 (RLIN) 1548
Topical term or geographic name entry element Foreign Relations
General subdivision General
942 ## - ADDED ENTRY ELEMENTS (KOHA)
Source of classification or shelving scheme
Koha item type Book
Holdings
Withdrawn status Lost status Source of classification or shelving scheme Damaged status Not for loan Permanent Location Current Location Shelving location Date acquired Source of acquisition Cost, normal purchase price Total Checkouts Full call number Barcode Date last seen Cost, replacement price Price effective from Koha item type
          Pakistan Navy Engineering College (PNEC) Pakistan Navy Engineering College (PNEC)   12/16/1985 Royal Book Company 75.00   327.9549 CHA PNECLIB-006786 02/27/2015 75.00 12/16/1985 Book
© 2023 Central Library, National University of Sciences and Technology. All Rights Reserved.